000 00520nam a2200181Ia 4500
003 OSt
005 20200603100921.0
008 190216s9999||||xx |||||||||||||| ||und||
020 _a9788171306145
040 _coclc
082 _a320.954
_bKAN/I
100 _a Kannathanam, Alphons
_91761
245 0 _aIndia Mattathinte Muzhakkam /
_cAlphons Kannathanam
260 _bDc Books,
_aKottayam:
_c2006.
300 _a270p
650 _aMalayalam
942 _cBK
_2ddc
_h320.954
_iKAN/I
_k320.954
_mKAN/I
999 _c28633
_d28633